000
00312nam a22001337a 4500
999
_c
259223
_d
259222
003
OSt
005
20220919112054.0
008
220919b xxu||||| |||| 00| 0 eng d
040
_c
N/A
100
_a
E.A.Loftus
245
_a
Thomson:
_b
Through Masai Land
260
_a
Nairobi,Kenya
_b
KLB
_c
1983
942
_2
lcc
_c
BK